000 00528nam a2200157 4500
999 _c6723
_d6723
008 170426b xxu||||| |||| 00| 0 eng d
022 _a0119-9000
082 _aDPer 641.505 C77 Jan-June 2013 v.13-14
100 _920358
_aAcebo, Maru A.
245 _aMother nature's answer:
_bto calorie-free and sugar free foods/
_cMaru A. Acebo.
260 _aPhilippines:
_bUBM Medica,
_c©Jan-June 2013.
300 _av13 n10, pages 70-7:
_billustrations;
_c29 cm.
500 _aCook.
650 0 _920359
_aHealth.
942 _2ddc
_cPER